000 00402nam a22001697a 4500
003 MPLRDC
005 20220104123649.0
008 210129b ||||| |||| 00| 0 eng d
082 _a411.77 JTYL
100 _a不详
245 _a睡眠新法
_c
260 _a
_b文翔图书公司
_c1983
300 _b
490 _a家庭医疗常识系列. 6
650 _a睡眠
942 _cBK
_o411.77 JTYL
999 _c13209
_d13199